Quizzes
Events
Quiz Creation
Community
Videos
Private Events
Remove Ads
Sign In
Join for FREE
Feedback
Dark Mode
Quiz Categories
Sports
Geography
Music
Movies
Television
Just For Fun
Miscellaneous
History
Literature
Language
Science
Gaming
Entertainment
Religion
Holiday
For Kids
Quiz Lab
Recent
Popular Today
Quiz Kudos Today
Editor Picks
Curator Picks
Quizzes by...
Day
Popularity
Type
Ratings
Length
Year
Community
Subscriptions
Recent Discussions
Orange Saloon
Badges
Playlists
Quests
Create
Leaderboards
Showdown
Live 5
Trivia Bingo
Activity
Puzzle Library
Sporcle Events
Private Events
Virtual Trivia
Globe League
Become a Host
Pub Owners
SporcleCon
Opinionation
Our Games
Videos
Blog
Mobile Apps
Partnerships
Remove Ads and Go Orange
Feedback
Music
Pop Music
The Beatles
Song
Album
Lyrics
Bands
Singers
Artist
Clip
Rock
Rap
Classical
Billboard
Country Music
Kpop
Taylor Swift
Music
Pop Music
The Beatles
Song
Album
Lyrics
Bands
Singers
Artist
Clip
Rock
Rap
Classical
Billboard
Country Music
Kpop
Taylor Swift
Random Quiz
Search Sporcle
×
Quiz Lab
Quiz Lab
Music
fire
Type in answers that appear in a list
Type in answers that appear in a list
Classic
Best Score? Go Orange.
Guess the Arcade Fire lyrics Stats
Can you name the Arcade Fire lyrics?
By
Nicktroptopolis
10m
289 Questions
572 Plays
572 Plays
572 Plays
Comments
Comments
Give Quiz Kudos
Give Quiz Kudos
-
- Ratings
hide this ad
Replay
Link that replays current quiz
Next Quiz
Link to next quiz in quiz playlist
You Got
0%
They Got
Avg Score
60%
Avg Friend Score
Upgrade to see
Score Distribution
Jump to the score distribution portion of the page
Score
0/289
Timer
10:00
0
Plays Today
% Correct
I
97.9%
I
97.9%
I
97.9%
I
97.9%
I
97.9%
I
97.9%
I
97.9%
I
97.9%
I
97.9%
I
97.9%
I
97.9%
a
93.5%
a
93.5%
a
93.5%
a
93.5%
the
91.4%
the
91.4%
the
91.4%
the
91.4%
the
91.4%
the
91.4%
the
91.4%
the
91.4%
the
91.4%
the
91.4%
the
91.4%
the
91.4%
you
83.2%
we
82.9%
we
82.9%
we
82.9%
We
82.9%
We
82.9%
We
82.9%
we
82.9%
we
82.9%
We
82.9%
We
82.9%
We
82.9%
We
82.9%
We
82.9%
to
78.8%
to
78.8%
to
78.8%
to
78.8%
to
78.8%
to
78.8%
to
78.8%
to
78.8%
to
78.8%
to
78.8%
to
78.8%
to
78.8%
to
78.8%
to
78.8%
to
78.8%
to
78.8%
to
78.8%
to
78.8%
to
78.8%
in
74.3%
in
74.3%
in
74.3%
my
72.9%
my
72.9%
my
72.9%
my
72.9%
my
72.9%
my
72.9%
it
68.5%
It
68.5%
it
68.5%
it
68.5%
it
68.5%
it
68.5%
it
68.5%
it
68.5%
it
68.5%
it
68.5%
it
68.5%
so
66.6%
So
66.6%
So
66.6%
can
66.4%
can
66.4%
can
66.4%
can
66.4%
can
66.4%
used
64%
used
64%
used
64%
used
64%
used
64%
used
64%
used
64%
used
64%
used
64%
% Correct
used
64%
used
64%
used
64%
used
64%
used
64%
used
64%
used
64%
used
64%
for
63.6%
for
63.6%
for
63.6%
for
63.6%
for
63.6%
for
63.6%
for
63.6%
for
63.6%
for
63.6%
wait
62.6%
wait
62.6%
wait
62.6%
wait
62.6%
wait
62.6%
wait
62.6%
wait
62.6%
wait
62.6%
wait
62.6%
wait
62.6%
wait
62.6%
wait
62.6%
Wait
62.6%
Wait
62.6%
Wait
62.6%
at
62.1%
night
62.1%
are
61.5%
are
61.5%
are
61.5%
are
61.5%
name
61.2%
name
61.2%
sleep
60.1%
write
59.6%
write
59.6%
write
59.6%
letter
59.1%
letter
59.1%
sign
58.9%
Now
58.9%
Now
58.9%
sign
58.9%
Now
58.9%
Now
58.9%
Now
58.9%
Now
58.9%
letters
58.4%
letters
58.4%
that
58%
that
58%
that
58%
that
58%
time
56.6%
time
56.6%
times
56.6%
when
56.3%
was
56.3%
downtown
56.3%
downtown
56.3%
is
56.1%
love
56.1%
But
55.4%
But
55.4%
down
55.1%
our
54%
our
54%
our
54%
our
54%
out
53.5%
Hear
53.5%
on
53.3%
never
53%
never
53%
never
53%
never
53%
lights
52.8%
lights
52.8%
had
51.7%
something
51.2%
something
51.2%
something
51.2%
something
51.2%
something
51.2%
wrote
50.5%
wrote
50.5%
How
50.3%
how
50.3%
true
50.2%
true
50.2%
% Correct
by
50%
By
50%
last
49.5%
last
49.5%
last
49.5%
last
49.5%
fast
48.8%
fast
48.8%
fast
48.8%
fast
48.8%
met
48.3%
met
48.3%
lives
48.3%
lives
48.3%
lives
48.3%
lives
48.3%
lives
48.3%
Hope
48.1%
Hope
48.1%
Hope
48.1%
Hope
48.1%
Before
47.7%
changing
47.7%
changing
47.7%
changing
47.7%
changing
47.7%
pure
47.6%
pure
47.6%
pure
47.6%
pure
47.6%
changed
46.7%
we're
46.7%
we're
46.7%
wanna
46.5%
heart
46.3%
arrive
46.3%
wilderness
46.2%
keep
46.2%
wilderness
46.2%
I'm
45.8%
I'm
45.8%
already
45.1%
Like
44.8%
again
44.6%
again
44.6%
again
44.6%
again
44.6%
flashing
44.1%
brain
43.7%
still
43.5%
Still
43.5%
gonna
43.4%
gonna
43.4%
gonna
43.4%
strange
42.3%
sing
42.3%
sing
42.3%
sing
42.3%
alive
41.8%
standing
41.4%
small
41.4%
took
41.3%
All
41.1%
chorus
39.9%
chorus
39.9%
chorus
39.9%
stranger
39.3%
cut
39%
just
38.8%
deep
38.6%
walk
37.6%
came
37.1%
seems
35.8%
waste
34.3%
screaming
34.1%
screaming
34.1%
screaming
34.1%
left
33.9%
around
33.7%
table
33.7%
hours
32.2%
what's
31.8%
those
31.8%
patient
31.6%
through
31.3%
pain
31.3%
through
31.3%
pain
31.3%
walking
31.1%
Sometimes
30.1%
settled
29.5%
move
29.5%
wasted
28.8%
voice
28.7%
moving
27.1%
Quiz Playlist
Details
Report
Send in Message
Add To Playlist
Classic:
Type in answers that appear in a list
Last Updated: Feb 16, 2017
Quiz Scoreboard
CHALLENGE
Sign Up to Join the Scoreboard
Show All
Scores
Hide
Comments
May contain spoilers
Recently Published
TV Characters by Other Roles V
by ghcgh
Television
5m
Decade Duel: World Leaders
by jenniferyan
History
4m
Alphabetical 'K' Countries by Flag Minefield
by ylime102
Geography
3m
More to Explore
Quiz From the Vault
Featured Blog Post
15 Basketball Trivia Facts You Can Be March Mad About
hide this ad
You Might Also Like...
Tags
arcade
Arcade Fire
fire
Today's Top Quizzes in Music
Browse Music
hide this ad
Today's Top Quizzes in fire
Browse fire
Top Contributed Quizzes in Music
1
Taylor Swift All Songs (2024)
2
KPOP LOGIC QUIZ
3
Taylor Swift Logic Puzzle
4
Decade Duel: Singer
5
Guess the Taylor Swift song (Mystery Song)
6
A Taylor Swift Logic Puzzle
7
Guess The Taylor Swift Lyrics Song #1
8
kpop group name match up
9
2 word kpop group match
10
K-Pop : 100 Debut Songs (Part 1 of 3)
Explore More
Trending Topics
Anime
Marvel
Crossword
Kpop
Disney
NBA
Harry Potter
NFL
Pokémon
Country
Song
WWE
Puzzle
The Office
Soccer
hide this ad
More By:
Nicktroptopolis
Quiz
Plays
Rating
Category
Featured
Created
Glasgow Subway Stations
2,664
4.64
Geography
Oct 8, 2009
Monarchs of England & the UK in Reverse
2,395
3.92
History
Dec 7, 2009
The Decemberists' Songs
675
4.11
Music
Oct 7, 2009
Guess the Arcade Fire lyrics
572
5.00
Music
May 5, 2011
English Scottish and UK Monarchs
556
5.00
History
Apr 27, 2012
Go to Creator's Profile
Score Distribution
Quiz Creator Spotlight
Nicktroptopolis
Follow
Send a Message
Quizzes Created
-
Created Quiz Play Count
-
More By This Creator
Popular Quizzes Today
1
Countries of Asia Without Outlines Minefield
2
Find the US States - No Outlines Minefield
3
Pick 6: Fruits
4
The Countries of the World
5
Alphabetical 'K' Countries by Flag Minefield
6
Find the Countries of Europe - No Outlines Minefield
7
US States
8
Find the US States
More Music Quizzes
Missing Word: 1990s Country Songs A-Z
Curator's Pick
Trending Quizzes
Pick 6: Mountains
Pick 6: Harry Potter
Pick 6: Flags
Pick 6: NFL Teams
Pick 6: Movie Franchises
Recently Updated
Adaptations: Name the Title
pecheneg
NWSL Teams
pecheneg
Women's Final Four Teams by Year
bhenderson79
Presidents Quartet II
eogle
Anything But Clue(do)
eogle
Anything But Oceanian Capitals
eogle
Anything But 7
eogle
Anything But Thing
eogle
Word Ladder: February 29
pecheneg
Song Title Questions
pecheneg
Trending Topics
NBA
Anime
Kpop
Marvel
Harry Potter
Disney
Crossword
Pokémon
The Office
NFL
Country
Song
WWE
Puzzle
Soccer
Your Account Isn't Verified!
In order to create a playlist on Sporcle, you need to verify the email address you used during registration. Go to your
Sporcle Settings
to finish the process.
Report this User
Report this user for behavior that violates our
Community Guidelines
.
Details:
Send Report
Go to the Sporcle.com Mobile Site →
Comments